Classement au GP F1 d'Australie 2025 - Statistiques

Statistiques générales
  • Ce quiz a été pris 223 fois
  • Le résultat moyen est 18 sur 20
Statistiques - réponses
Position Pilote Temps % Correct
1 Lando Norris 1:42:06.304
97%
10 Lewis Hamilton +22.473s
97%
2 Max Vertappen +0.895s
97%
8 Charles Leclerc +19.826s
96%
9 Oscar Piastri +20.448s
94%
13 Esteban Ocon +33.161s
92%
20 Isaac Hadjar Pas terminé
92%
11 Pierre Gasly +26.502s
92%
12 Yuki Tsunoda +29.884s
91%
3 Georges Russell +8.481s
90%
4 Kimi Antonelli +10.135s
89%
15 Liam Lawson Pas terminé
89%
7 Nico Hülkenberg +18.423s
89%
18 Carlos Sainz Jr. Pas terminé
88%
5 Alex Albon +12.773s
86%
17 Fernando Alonso Pas terminé
86%
6 Lance Stroll +17.413s
84%
14 Ollie Bearman +40.351s
84%
16 Gabriel Bortoleto Pas terminé
83%
19 Jack Doohan Pas terminé
79%
Aucun quiz correspondant
Distribution des résultats
% des personnes avec chaque résultat
Percentile par nombre de réponses
Votre historique - résultats
Vous n’avez pas pris ce quiz